000
00234nam a22001097a 4500
082
_a
621.3 COT
100
_a
COTTON, H
_9
40193
245
_a
ELECTRICAL PRINCIPLES
260
_a
LONDON
_b
MACMILLAN
_c
1965
300
_a
419P
942
_c
BK
999
_c
579351
_d
579351